[Event "Oktoberfest U2000"]
[Site "Kitchener CAN"]
[Date "2010.10.16"]
[Round "3"]
[White "Gillanders, Robert"]
[Black "Cormier, Adam"]
[Result "1/2-1/2"]
[WhiteElo "1883"]
[BlackElo "1954"]
[PlyCount "54"]
[EventDate "2010.10.15"]
[EventType "swiss"]
[EventRounds "5"]
[EventCountry "CAN"]

1. d4 d5 2. c4 e6 3. Nc3 c6 4. b3 Nf6 5. Bd2 Bd6 6. Nf3 Nbd7 7. g3 O-O 8. Bg2
Re8 9. O-O dxc4 10. bxc4 e5 11. dxe5 Nxe5 12. Nxe5 Bxe5 13. Qc2 Be6 14. Rab1
Qc7 15. Ne4 Rad8 16. Nxf6+ Bxf6 17. Bf4 Qc8 18. Qa4 Bd4 19. Qb4 Rd7 20. c5 Bxa2
21. Rbd1 Be5 22. Bxe5 Rxe5 23. Rxd7 Qxd7 24. Qb2 Qe6 25. Qxb7 g6 26. e3 Rxc5
27. Qxa7 Rc2 1/2-1/2

[Event "Oktoberfest U2000"]
[Site "Kitchener CAN"]
[Date "2010.10.16"]
[Round "3"]
[White "Lalonde, Drake"]
[Black "Knechtel, Tim"]
[Result "0-1"]
[WhiteElo "1702"]
[BlackElo "1771"]
[PlyCount "80"]
[EventDate "2010.10.15"]
[EventType "swiss"]
[EventRounds "5"]
[EventCountry "CAN"]

1. d4 d6 2. Nf3 Nf6 3. c4 c6 4. Nc3 Nbd7 5. e4 Qc7 6. Bd3 e5 7. d5 Be7 8. O-O
h6 9. h3 Nf8 10. b4 g5 11. Re1 Ng6 12. b5 c5 13. a4 b6 14. Be2 Nf4 15. Bxf4
gxf4 16. Nh2 h5 17. Bf3 Bd7 18. Re2 Qc8 19. Rea2 Bxh3 20. gxh3 Rg8+ 21. Bg2
Qxh3 22. Qf3 Qh4 23. Kh1 Ng4 24. Qh3 Nxf2+ 25. Rxf2 Qxf2 26. Rf1 Qd4 27. Rc1
Rg3 28. Qxh5 Rxc3 29. Rxc3 Qxc3 30. Ng4 Qe1+ 31. Kh2 Qh4+ 32. Qxh4 Bxh4 33. Kh3
Bg5 34. Nh2 Ke7 35. Bf3 Rh8+ 36. Kg2 Bh4 37. Ng4 Bg3 38. Kg1 f6 39. Kg2 Kf7 40.
Nf2 Rh2+ 0-1

[Event "Oktoberfest U2000"]
[Site "Kitchener CAN"]
[Date "2010.10.16"]
[Round "3"]
[White "Liu, Steven"]
[Black "Gashgarian, Robert"]
[Result "0-1"]
[WhiteElo "1860"]
[BlackElo "1903"]
[PlyCount "112"]
[EventDate "2010.10.15"]
[EventType "swiss"]
[EventRounds "5"]
[EventCountry "CAN"]

1. Nf3 c5 2. e4 Nf6 3. Nc3 d6 4. d4 cxd4 5. Nxd4 a6 6. Be3 Qc7 7. g3 e6 8. Bg2
Nbd7 9. O-O Be7 10. f4 Rb8 11. Nce2 Ng4 12. Bd2 Qb6 13. h3 Ngf6 14. Kh2 Qxb2
15. Nb3 Qa3 16. Qe1 Qa4 17. Nbd4 Qc4 18. Ba5 O-O 19. Rb1 b6 20. Bb4 Nc5 21. Nc6
Rb7 22. e5 Nd5 23. Rf3 Rc7 24. Ned4 Bb7 25. Bf1 Qxa2 26. Ra3 Nxb4 27. Rxa2 Nxc6
28. Nxc6 Rxc6 29. exd6 Rxd6 30. Bg2 Bxg2 31. Kxg2 Rfd8 32. c4 a5 33. h4 Nd3 34.
Qe3 Nb4 35. Re2 Rd4 36. Rbb2 Bc5 37. Qf3 g6 38. Kh3 h5 39. Qg2 Rxc4 40. Rbd2
Nd5 41. Re4 Rc3 42. Kh2 Rc8 43. Qe2 Nf6 44. Rxe6 fxe6 45. Qxe6+ Kg7 46. Kg2 Rf8
47. f5 Re3 48. Qc6 gxf5 49. Qc7+ Rf7 50. Qf4 Ne4 51. Qe5+ Kh7 52. Rd7 Rxg3+ 53.
Qxg3 Rxd7 54. Qf3 Rd2+ 55. Kh3 Kg6 56. Qb3 Rd3+ 0-1

[Event "Oktoberfest U2000"]
[Site "Kitchener CAN"]
[Date "2010.10.17"]
[Round "4"]
[White "Cormier, Adam"]
[Black "Piccinin, Mario"]
[Result "1-0"]
[WhiteElo "1954"]
[BlackElo "1719"]
[PlyCount "59"]
[EventDate "2010.10.15"]
[EventType "swiss"]
[EventRounds "5"]
[EventCountry "CAN"]

1. d4 f5 2. c4 Nf6 3. Nf3 d6 4. g3 c6 5. Nc3 e6 6. Bg2 Qc7 7. O-O e5 8. dxe5
dxe5 9. Qc2 f4 10. Ne4 Be7 11. b3 Nxe4 12. Qxe4 fxg3 13. fxg3 Be6 14. Nxe5 Nd7
15. Nxd7 Qxd7 16. Be3 O-O-O 17. Bxa7 Bd6 18. Rad1 Rde8 19. Qd3 Bc7 20. Bc5 Qd8
21. Qe3 Bd7 22. Qd2 Re5 23. Ba3 Rhe8 24. Rf7 Bb6+ 25. c5 Bxc5+ 26. Bxc5 Rxc5
27. Qxd7+ Qxd7 28. Rdxd7 Rxe2 29. Bh3 Re1+ 30. Kf2 1-0

[Event "Oktoberfest U2000"]
[Site "Kitchener CAN"]
[Date "2010.10.17"]
[Round "4"]
[White "Gillanders, Robert"]
[Black "Liu, Steven"]
[Result "1-0"]
[WhiteElo "1883"]
[BlackElo "1860"]
[PlyCount "115"]
[EventDate "2010.10.15"]
[EventType "swiss"]
[EventRounds "5"]
[EventCountry "CAN"]

1. d4 Nf6 2. c4 e6 3. Nc3 Bb4 4. Qc2 c5 5. e3 Nc6 6. Nf3 d5 7. a3 Qa5 8. Bd2
cxd4 9. exd4 Bxc3 10. Bxc3 Qc7 11. c5 Bd7 12. Bd3 h6 13. O-O g5 14. Rfe1 Qf4
15. Qd2 Nh5 16. Qxf4 Nxf4 17. Bf1 O-O-O 18. g3 Ng6 19. b4 Nce7 20. a4 g4 21.
Ne5 Nxe5 22. Rxe5 Ng6 23. Re3 Kc7 24. b5 Ra8 25. Ba5+ b6 26. Bd2 h5 27. c6 Bxc6
28. bxc6 Kxc6 29. Bb5+ Kb7 30. Rc3 Rhc8 31. Rac1 Rxc3 32. Rxc3 Ne7 33. Bf4 Rc8
34. Rxc8 Kxc8 35. Be8 f5 36. Bxh5 Kd7 37. f3 gxf3 38. Bxf3 Kc6 39. h4 b5 40.
axb5+ Kxb5 41. Be2+ Ka4 42. h5 Kb3 43. Bd2 Kc2 44. Bb4 Ng8 45. Kf2 Kb3 46. Bc5
a5 47. Ke3 Kc2 48. Bb5 Kb3 49. Kd3 a4 50. Bd7 Nf6 51. Bxe6 Nxh5 52. Bxd5+ Kb2
53. Bd6 a3 54. Be5 Kc1 55. Bf7 f4 56. gxf4 Ng3 57. d5 Nf5 58. d6 1-0

[Event "Oktoberfest U2000"]
[Site "Kitchener CAN"]
[Date "2010.10.17"]
[Round "4"]
[White "Knechtel, Tim"]
[Black "Rapaka, Krishnakanth"]
[Result "1-0"]
[WhiteElo "1771"]
[BlackElo "1776"]
[PlyCount "65"]
[EventDate "2010.10.15"]
[EventType "swiss"]
[EventRounds "5"]
[EventCountry "CAN"]

1. Nf3 c5 2. e3 d5 3. d4 e6 4. b3 Nf6 5. Bb2 Nbd7 6. Bd3 Be7 7. Nbd2 O-O 8. O-O
a6 9. Ne5 Nxe5 10. dxe5 Nd7 11. f4 b5 12. Bxh7+ Kxh7 13. Qh5+ Kg8 14. Rf3 f5
15. Rh3 Nf6 16. exf6 Bxf6 17. Bxf6 Qxf6 18. Rf1 Bd7 19. Nf3 Qh6 20. Qxh6 gxh6
21. Ne5 Ra7 22. Rxh6 Bc8 23. Rf3 Rff7 24. Nxf7 Rxf7 25. Rfh3 Bd7 26. Rh8+ Kg7
27. R3h7+ Kf6 28. Rxf7+ Kxf7 29. Ra8 c4 30. Rxa6 Kf6 31. a4 Ke7 32. Ra7 Kd6 33.
Rxd7+ 1-0

[Event "Oktoberfest U2000"]
[Site "Kitchener CAN"]
[Date "2010.10.17"]
[Round "4"]
[White "Rowles, Christopher"]
[Black "Lalonde, Drake"]
[Result "1/2-1/2"]
[WhiteElo "1770"]
[BlackElo "1702"]
[PlyCount "104"]
[EventDate "2010.10.15"]
[EventType "swiss"]
[EventRounds "5"]
[EventCountry "CAN"]

1. e4 e6 2. Nf3 d5 3. exd5 exd5 4. d4 Bd6 5. Nc3 Ne7 6. Be2 O-O 7. O-O Bg4 8.
Ng5 Bxe2 9. Qxe2 h6 10. Nf3 Re8 11. Qd3 Nd7 12. Ne2 Ng6 13. Re1 Nf6 14. Bd2 Ne4
15. Ng3 Nxd2 16. Qxd2 Qd7 17. Qa5 c6 18. Rxe8+ Qxe8 19. Nf5 Bf4 20. Re1 Qd7 21.
Ne3 Bc7 22. Qa3 Bd6 23. Qd3 Re8 24. Qf5 Qxf5 25. Nxf5 Rxe1+ 26. Nxe1 Bf8 27.
Nd3 f6 28. h4 Nh8 29. h5 Nf7 30. Nf4 Nd6 31. Nxd6 Bxd6 32. Nd3 Kf7 33. g4 Ke6
34. Kg2 f5 35. f3 Kf6 36. Kh3 Kg5 37. b3 fxg4+ 38. fxg4 b6 39. c4 a5 40. a4 Bc7
41. cxd5 cxd5 42. b4 Bd6 43. bxa5 bxa5 44. Nc5 Bxc5 45. dxc5 Kf6 46. Kg3 Ke5
47. Kf3 d4 48. c6 Kd6 49. c7 Kxc7 50. Ke4 Kc6 51. Kxd4 Kd6 52. Kc4 Kc6 1/2-1/2

[Event "Oktoberfest U2000"]
[Site "Kitchener CAN"]
[Date "2010.10.17"]
[Round "5"]
[White "Gashgarian, Robert"]
[Black "Gillanders, Robert"]
[Result "1/2-1/2"]
[WhiteElo "1903"]
[BlackElo "1883"]
[PlyCount "76"]
[EventDate "2010.10.15"]
[EventType "swiss"]
[EventRounds "5"]
[EventCountry "CAN"]

1. d4 Nf6 2. c4 e6 3. Nc3 Bb4 4. a3 Bxc3+ 5. bxc3 Ne4 6. Bf4 f5 7. f3 Nf6 8.
Nh3 O-O 9. e3 d6 10. Bd3 Nc6 11. O-O e5 12. Bg3 Qe8 13. f4 exd4 14. exd4 Ne4
15. Re1 Qg6 16. Bxe4 fxe4 17. Nf2 Bf5 18. Qb3 Na5 19. Qb5 b6 20. c5 c6 21. Qb4
d5 22. cxb6 axb6 23. Nd1 Nc4 24. Ne3 Nxe3 25. Rxe3 b5 26. a4 Qe6 27. Bh4 bxa4
28. Rxa4 Rxa4 29. Qxa4 Rb8 30. h3 Qd6 31. Bg3 c5 32. Qa7 c4 33. Qa2 Qc6 34. Be1
h5 35. Qf2 Qf6 36. Qe2 g6 37. Qa2 Qd6 38. Qf2 Qf6 1/2-1/2

[Event "Oktoberfest U2000"]
[Site "Kitchener CAN"]
[Date "2010.10.17"]
[Round "5"]
[White "Liu, Steven"]
[Black "Rowles, Christopher"]
[Result "1/2-1/2"]
[WhiteElo "1860"]
[BlackElo "1770"]
[PlyCount "82"]
[EventDate "2010.10.15"]
[EventType "swiss"]
[EventRounds "5"]
[EventCountry "CAN"]

1. Nf3 d5 2. c4 e6 3. e3 c5 4. cxd5 exd5 5. d4 Nf6 6. Nc3 Nc6 7. Bb5 a6 8. Bd3
c4 9. Bc2 b5 10. O-O Bd6 11. e4 dxe4 12. Nxe4 O-O 13. Bg5 Be7 14. Bxf6 Bxf6 15.
Nxf6+ Qxf6 16. Be4 Ra7 17. d5 Nb8 18. Qc2 g6 19. a4 Re7 20. axb5 axb5 21. Rad1
Rfe8 22. Rfe1 Bg4 23. d6 Rd7 24. Qd2 Red8 25. Qb4 Rxd6 26. Rxd6 Qxd6 27. Qxb5
Bxf3 28. Bxf3 Qd2 29. Kf1 Rf8 30. g3 c3 31. bxc3 Qxc3 32. Re3 Qc7 33. Kg2 Rd8
34. Re8+ Rxe8 35. Qxe8+ Kg7 36. Bd5 Na6 37. Qb5 Nc5 38. Qc4 f6 39. h3 Qd6 40.
Bg8 Qe7 41. h4 Qe4+ 1/2-1/2

[Event "Oktoberfest U2000"]
[Site "Kitchener CAN"]
[Date "2010.10.17"]
[Round "5"]
[White "Piccinin, Mario"]
[Black "Lalonde, Drake"]
[Result "1-0"]
[WhiteElo "1719"]
[BlackElo "1702"]
[PlyCount "61"]
[EventDate "2010.10.15"]
[EventType "swiss"]
[EventRounds "5"]
[EventCountry "CAN"]

1. f4 Nf6 2. Nf3 g6 3. d3 Bg7 4. e4 d6 5. c3 O-O 6. Be2 c5 7. Nbd2 Nc6 8. Ng5
b6 9. h4 h6 10. h5 hxg5 11. fxg5 Nh7 12. Nf3 Bg4 13. hxg6 fxg6 14. Nh4 Bxe2 15.
Qxe2 Qe8 16. Be3 Qf7 17. Nf3 Ne5 18. Nxe5 Bxe5 19. O-O-O Bf4 20. Rh4 Bxe3+ 21.
Qxe3 Qe6 22. Rdh1 Rf7 23. g4 Qd7 24. e5 dxe5 25. Qe4 Raf8 26. Qxg6+ Rg7 27. Qe4
Nxg5 28. Rh8+ Kf7 29. Rf1+ Ke6 30. Qc4+ Kd6 31. Rfxf8 1-0

[Event "Olympiade"]
[Site "Charlesbourg CAN"]
[Date "2010.10.11"]
[Round "1"]
[White "Beaudoin, Stephane"]
[Black "Perron, Jonathan"]
[Result "0-1"]
[WhiteElo "2050"]
[BlackElo "2043"]
[PlyCount "68"]
[EventDate "2010.10.11"]
[EventType "team"]
[EventRounds "6"]
[EventCountry "CAN"]

1. e4 c5 2. Nf3 d6 3. d4 cxd4 4. Nxd4 Nf6 5. Bd3 Nc6 6. Nxc6 bxc6 7. O-O g6 8.
f4 Bg7 9. f5 O-O 10. Nc3 Nd7 11. Be3 Qa5 12. Qd2 Re8 13. Rab1 Rb8 14. Qf2 Ne5
15. Be2 Ba6 16. h3 Bxe2 17. Nxe2 Qxa2 18. Nc3 Qc4 19. Nd1 Qxe4 20. fxg6 fxg6
21. Nc3 Qc4 22. Qg3 Rf8 23. Rxf8+ Rxf8 24. Ra1 d5 25. Ra4 Qf1+ 26. Kh2 Nc4 27.
Rxc4 Qxc4 28. Bxa7 Bh6 29. Qe1 Qf4+ 30. g3 Qd2+ 31. Qxd2 Bxd2 32. Ne2 e5 33.
Bc5 Rf7 34. Kg2 d4 0-1

[Event "Olympiade"]
[Site "Charlesbourg CAN"]
[Date "2010.10.11"]
[Round "1"]
[White "Lessard, Claude"]
[Black "Poliquin, Yvon"]
[Result "0-1"]
[WhiteElo "2094"]
[BlackElo "2033"]
[PlyCount "123"]
[EventDate "2010.10.11"]
[EventType "team"]
[EventRounds "6"]
[EventCountry "CAN"]

1. d4 d5 2. Nf3 c5 3. e3 e6 4. Nbd2 cxd4 5. exd4 Nc6 6. c3 Bd6 7. Bd3 Nf6 8.
O-O O-O 9. Re1 Qc7 10. Qe2 Nd7 11. Nf1 e5 12. dxe5 Ncxe5 13. Nxe5 Nxe5 14. Bc2
Bg4 15. f3 Bh5 16. Be3 Rfe8 17. Qd1 Rad8 18. Ba4 Nc6 19. Bf2 Rxe1 20. Qxe1 Qa5
21. Bb3 Bc5 22. Rd1 Bxf2+ 23. Qxf2 f6 24. Qe1 Qc5+ 25. Qf2 Qa5 26. Kh1 Bf7 27.
Qd2 Qc5 28. Qf4 Qe7 29. h4 d4 30. Bxf7+ Kxf7 31. cxd4 Qe2 32. Qc1 Qf2 33. d5
Qxh4+ 34. Kg1 Ne5 35. f4 Nd7 36. Qc7 f5 37. g3 Qf6 38. Qxb7 Qb6+ 39. Qxb6 Nxb6
40. Ne3 g6 41. Kf2 Ke7 42. Ke2 Kd6 43. b3 Re8 44. Kf3 Rc8 45. Rd3 Rc5 46. g4 a5
47. Kg3 fxg4 48. Kxg4 Nxd5 49. Nc4+ Ke6 50. Rd2 Kf6 51. Re2 Ne7 52. Rd2 h5+ 53.
Kf3 Nf5 54. Rd8 h4 55. Kg4 Ke7 56. Ra8 Nd4 57. Nxa5 h3 58. a4 Rc3 59. Kg5 Nxb3
60. Nxb3 Rxb3 61. a5 Rb1 62. a6 0-1

[Event "Olympiade"]
[Site "Charlesbourg CAN"]
[Date "2010.10.18"]
[Round "2"]
[White "Lessard, Claude"]
[Black "Beaudoin, Stephane"]
[Result "0-1"]
[WhiteElo "2095"]
[BlackElo "2050"]
[PlyCount "90"]
[EventDate "2010.10.11"]
[EventType "team"]
[EventRounds "6"]
[EventCountry "CAN"]

1. d4 Nf6 2. Nf3 g6 3. g3 Bg7 4. Bg2 O-O 5. O-O d6 6. Nbd2 Nc6 7. c3 e5 8. dxe5
dxe5 9. Nc4 Qe7 10. Bg5 h6 11. Bxf6 Bxf6 12. Ne3 Be6 13. Nd5 Bxd5 14. Qxd5 a6
15. Qb3 Nd8 16. Nd2 Ne6 17. Rfd1 Bg7 18. Nf1 Nc5 19. Qa3 c6 20. Rd2 Rfd8 21.
Rad1 Bf8 22. Qa5 Rxd2 23. Rxd2 h5 24. b4 Ne6 25. h4 Bg7 26. e4 Rd8 27. Bh3 Rxd2
28. Nxd2 Qd6 29. Nc4 Qd1+ 30. Kg2 Qe2 31. Bxe6 Qxe4+ 32. Kh2 fxe6 33. Qd8+ Kh7
34. Nd6 Qf3 35. Kg1 e4 36. Ne8 e3 37. fxe3 Qxg3+ 38. Kf1 Qf3+ 39. Kg1 Qxe3+ 40.
Kg2 Qe2+ 41. Kg1 Qg4+ 42. Kf2 Qf5+ 43. Kg1 Bxc3 44. Qe7+ Kh6 45. Nd6 Bd4+ 0-1

[Event "Olympiade"]
[Site "Charlesbourg CAN"]
[Date "2010.10.18"]
[Round "2"]
[White "Poliquin, Yvon"]
[Black "Perron, Jonathan"]
[Result "0-1"]
[WhiteElo "2033"]
[BlackElo "2075"]
[PlyCount "98"]
[EventDate "2010.10.11"]
[EventType "team"]
[EventRounds "6"]
[EventCountry "CAN"]

1. e4 c5 2. Nf3 d6 3. c3 Nf6 4. h3 Nbd7 5. Bd3 e6 6. Bc2 Qc7 7. Qe2 Be7 8. O-O
b6 9. d3 Bb7 10. Bf4 Rc8 11. Nbd2 Qb8 12. a4 a6 13. Bh2 O-O 14. Rfe1 Qa8 15.
Nc4 d5 16. Ncd2 dxe4 17. dxe4 Rfd8 18. Nc4 Bc6 19. Nfe5 b5 20. Nxc6 Qxc6 21.
axb5 axb5 22. e5 bxc4 23. exf6 Nxf6 24. Bf4 Nd5 25. Be5 Bf6 26. Qxc4 Bxe5 27.
Rxe5 Qd6 28. Ree1 Rb8 29. Ra2 Qf4 30. Qe2 g6 31. g3 Qh6 32. Kg2 Qg5 33. Qf3 Ra8
34. Rea1 Rxa2 35. Rxa2 Ne3+ 36. Qxe3 Qd5+ 37. Be4 Qxa2 38. Qxc5 Qxb2 39. Qc7
Qb8 40. Qe7 Rd2 41. Qf6 Qd8 42. Qf4 Rb2 43. h4 Qd2 44. Qf6 Rb3 45. h5 Qxc3 46.
Qg5 Qd4 47. Bf3 Rb2 48. hxg6 Qxf2+ 49. Kh3 Qh2+ 0-1

[Event "Olympiade"]
[Site "Charlesbourg CAN"]
[Date "2010.10.25"]
[Round "3"]
[White "Beaudoin, Stephane"]
[Black "Poliquin, Yvon"]
[Result "1-0"]
[WhiteElo "2050"]
[BlackElo "2035"]
[PlyCount "39"]
[EventDate "2010.10.11"]
[EventType "team"]
[EventRounds "6"]
[EventCountry "CAN"]

1. e4 d6 2. f4 c5 3. Nf3 Nc6 4. Bc4 e6 5. O-O g6 6. c3 Bg7 7. d3 Nge7 8. Qe1 d5
9. Bb3 b6 10. Qh4 c4 11. Bc2 dxe4 12. dxe4 f5 13. Rd1 Qc7 14. Na3 Ba6 15. Ng5
Qc8 16. Rd6 Nd8 17. Be3 h6 18. Rxd8+ Kxd8 19. Nf7+ Kc7 20. Qxe7+ 1-0

[Event "Olympiade"]
[Site "Charlesbourg CAN"]
[Date "2010.10.25"]
[Round "3"]
[White "Cote, Jocelyn"]
[Black "Doyon, Stephane"]
[Result "1/2-1/2"]
[WhiteElo "1770"]
[BlackElo "1614"]
[PlyCount "64"]
[EventDate "2010.10.11"]
[EventType "team"]
[EventRounds "6"]
[EventCountry "CAN"]

1. e4 c5 2. Nc3 d6 3. f4 Nc6 4. Nf3 g6 5. Bb5 Bd7 6. O-O Bg7 7. d3 Nf6 8. Kh1
O-O 9. Qe1 a6 10. Bxc6 Bxc6 11. Qh4 Qd7 12. e5 Bxf3 13. Rxf3 dxe5 14. fxe5 Qg4
15. Bg5 Qxh4 16. Bxh4 Nd7 17. Bxe7 Rfe8 18. Bd6 Bxe5 19. Bxe5 Nxe5 20. Rf2 Ng4
21. Rd2 Re5 22. h3 Nf6 23. Rf1 Nd5 24. Ne4 b6 25. Rdf2 f5 26. Nd2 Rae8 27. Nc4
R5e6 28. a4 a5 29. b3 Nc3 30. g3 Ne2 31. Kg2 Nd4 32. Rd2 R8e7 1/2-1/2

[Event "Olympiade"]
[Site "Charlesbourg CAN"]
[Date "2010.10.25"]
[Round "3"]
[White "Dorion, Francois"]
[Black "Glode, Martin"]
[Result "1/2-1/2"]
[WhiteElo "1750"]
[BlackElo "1850"]
[PlyCount "48"]
[EventDate "2010.10.11"]
[EventType "team"]
[EventRounds "6"]
[EventCountry "CAN"]

1. e4 Nf6 2. e5 Nd5 3. d4 d6 4. exd6 exd6 5. Nf3 Be7 6. Be2 O-O 7. c4 Nb6 8.
O-O Bg4 9. b3 Nc6 10. Bb2 Bf6 11. Nbd2 d5 12. c5 Nd7 13. a3 Nxc5 14. h3 Bf5 15.
g4 Nd3 16. gxf5 Nxb2 17. Qc2 Nxd4 18. Nxd4 Bxd4 19. Rab1 Qf6 20. Nf3 Rfe8 21.
Nxd4 Qxd4 22. Rxb2 Qf4 23. Kg2 Qg5+ 24. Kh2 Qf4+ 1/2-1/2

[Event "Olympiade"]
[Site "Charlesbourg CAN"]
[Date "2010.10.25"]
[Round "3"]
[White "Perron, Jonathan"]
[Black "Lessard, Claude"]
[Result "1-0"]
[WhiteElo "2075"]
[BlackElo "2095"]
[PlyCount "71"]
[EventDate "2010.10.11"]
[EventType "team"]
[EventRounds "6"]
[EventCountry "CAN"]

1. e4 c6 2. d4 d5 3. Nc3 dxe4 4. Nxe4 Nf6 5. Nxf6+ gxf6 6. c3 Bf5 7. Nf3 Nd7 8.
Bf4 Qb6 9. Bd3 Bxd3 10. Qxd3 e6 11. O-O h5 12. Nd2 O-O-O 13. Nc4 Qa6 14. Nd6+
Bxd6 15. Qxa6 bxa6 16. Bxd6 Rhg8 17. a4 Rg6 18. b4 Nb6 19. Bc5 Rdg8 20. g3 Nd5
21. c4 Nc3 22. b5 f5 23. Bxa7 h4 24. bxa6 f4 25. Ra3 Ne4 26. Rb1 fxg3 27. fxg3
R8g7 28. Rb8+ Kd7 29. Rab3 Ke7 30. Bc5+ Kf6 31. a7 hxg3 32. Rf3+ Kg5 33. hxg3
Kg4 34. Re3 Nxg3 35. a8=Q Kf4 36. Bd6+ 1-0

[Event "Olympiade"]
[Site "Charlesbourg CAN"]
[Date "2010.11.01"]
[Round "4"]
[White "Fecteau, Martin"]
[Black "Glode, Martin"]
[Result "1-0"]
[WhiteElo "1982"]
[BlackElo "1817"]
[PlyCount "55"]
[EventDate "2010.10.11"]
[EventType "team"]
[EventRounds "6"]
[EventCountry "CAN"]

1. d4 d5 2. c4 e6 3. Nf3 Nf6 4. g3 c6 5. Bg2 Nbd7 6. Qc2 Bd6 7. O-O O-O 8. b3
dxc4 9. bxc4 e5 10. Bb2 Qe7 11. e3 Re8 12. a4 exd4 13. exd4 c5 14. d5 Ne5 15.
Nbd2 Qc7 16. Ng5 h6 17. Nge4 Nxe4 18. Nxe4 Bf8 19. Rad1 Bd7 20. d6 Qa5 21. Rd5
Bxa4 22. Qc1 Nd7 23. Qf4 Bc6 24. Rf5 f6 25. Nxf6+ Nxf6 26. Bxc6 bxc6 27. Rxf6
gxf6 28. Qxf6 1-0

[Event "Olympiade"]
[Site "Charlesbourg CAN"]
[Date "2010.11.01"]
[Round "4"]
[White "Gagnon, Alain"]
[Black "Cote, Jocelyn"]
[Result "0-1"]
[WhiteElo "1653"]
[BlackElo "1773"]
[PlyCount "110"]
[EventDate "2010.10.11"]
[EventType "team"]
[EventRounds "6"]
[EventCountry "CAN"]

1. d4 d5 2. c4 c6 3. Nc3 Bf5 4. Nf3 e6 5. e3 Nf6 6. a3 a5 7. cxd5 exd5 8. Ne5
Nbd7 9. f4 h6 10. Bd3 Bxd3 11. Qxd3 Be7 12. O-O O-O 13. Bd2 Qc7 14. Rac1 Rfc8
15. Qf5 Qd8 16. g4 Qe8 17. g5 hxg5 18. fxg5 Nxe5 19. gxf6 Nc4 20. Qg5 Bxf6 21.
Rxf6 Nxd2 22. Rf2 Ne4 23. Nxe4 Qxe4 24. Rg2 g6 25. Rg4 Qe6 26. Rf1 Kg7 27. h4
Rh8 28. h5 Rh6 29. Rf3 Rah8 30. Rh4 f6 31. Qg3 g5 32. Rf1 Rxh5 33. Rxh5 Rxh5
34. Kf2 a4 35. Qc7+ Qf7 36. Qg3 Kg6 37. Qd6 Rh7 38. Qb8 Kg7 39. Qd6 Rh8 40. Kg2
Re8 41. Qh2 Qe6 42. Rf3 Qe4 43. Qc7+ Re7 44. Qh2 Qc2+ 45. Kg3 Qxh2+ 46. Kxh2
Kg6 47. Kg2 g4 48. Rg3 Kg5 49. Kf2 Rh7 50. Kg2 Kf5 51. Kg1 Rh3 52. Kg2 Rxg3+
53. Kxg3 Kg5 54. Kh2 Kh4 55. Kg2 g3 0-1

[Event "Olympiade"]
[Site "Charlesbourg CAN"]
[Date "2010.11.01"]
[Round "4"]
[White "Perron, Jonathan"]
[Black "Beaudoin, Stephane"]
[Result "1-0"]
[WhiteElo "2095"]
[BlackElo "2050"]
[PlyCount "109"]
[EventDate "2010.10.11"]
[EventType "team"]
[EventRounds "6"]
[EventCountry "CAN"]

1. e4 g6 2. d4 Bg7 3. Nc3 d6 4. Nf3 a6 5. Be2 b5 6. O-O Nd7 7. a4 b4 8. Nd5 Rb8
9. c3 bxc3 10. bxc3 c5 11. Bf4 Ngf6 12. Nxf6+ Nxf6 13. dxc5 Nxe4 14. cxd6 Nxc3
15. Qe1 O-O 16. d7 Bxd7 17. Bxb8 Qxb8 18. Bxa6 Bg4 19. Nd2 Qb6 20. Bc4 Qc5 21.
Rc1 Qg5 22. Rxc3 Bxc3 23. Ne4 Bxe1 24. Nxg5 Bb4 25. Rb1 Bc3 26. Rb7 Bf6 27.
Nxf7 Kg7 28. a5 Rc8 29. Nd6 Rd8 30. f3 Rxd6 31. fxg4 Rc6 32. Bb5 Rc2 33. a6
Bd4+ 34. Kf1 Rf2+ 35. Ke1 Rxg2 36. Rxe7+ Kh6 37. Re4 Ba7 38. h4 Bc5 39. Rc4 Bb6
40. g5+ Kg7 41. Rc6 Be3 42. Rc7+ Kg8 43. Bc4+ Kf8 44. Rf7+ Ke8 45. Rxh7 Rg4 46.
Bf7+ Kf8 47. Bxg6 Ra4 48. Bd3 Bd4 49. h5 Kg8 50. Rd7 Bb6 51. h6 Rh4 52. Rb7 Be3
53. h7+ Kh8 54. Rb8+ Kg7 55. Rg8+ 1-0

[Event "Olympiade"]
[Site "Charlesbourg CAN"]
[Date "2010.11.01"]
[Round "4"]
[White "Poliquin, Yvon"]
[Black "Lessard, Claude"]
[Result "0-1"]
[WhiteElo "2033"]
[BlackElo "2075"]
[PlyCount "42"]
[EventDate "2010.10.11"]
[EventType "team"]
[EventRounds "6"]
[EventCountry "CAN"]

1. e4 c6 2. d4 d5 3. e5 Bf5 4. Be3 e6 5. Nd2 Nd7 6. c4 dxc4 7. Bxc4 Nb6 8. Be2
Ne7 9. Nb3 Ned5 10. Nf3 Nxe3 11. fxe3 Nd5 12. Kf2 Be7 13. Nbd2 Bg6 14. g3 O-O
15. Bc4 f6 16. e4 fxe5 17. dxe5 Qb6+ 18. Ke2 Qe3+ 19. Kf1 Bxe4 20. Be2 Bxf3 21.
Nxf3 Qxe5 0-1

[Event "Olympiade"]
[Site "Charlesbourg CAN"]
[Date "2010.11.08"]
[Round "5"]
[White "Beaudoin, Stephane"]
[Black "Lessard, Claude"]
[Result "0-1"]
[WhiteElo "2050"]
[BlackElo "2095"]
[PlyCount "188"]
[EventDate "2010.10.11"]
[EventType "team"]
[EventRounds "6"]
[EventCountry "CAN"]

1. e4 c6 2. d4 d5 3. e5 c5 4. Nf3 e6 5. c3 cxd4 6. cxd4 Nc6 7. Bd3 f6 8. O-O f5
9. Nc3 Nh6 10. a3 Nf7 11. b4 Be7 12. Bd2 O-O 13. b5 Na5 14. Na4 Bd7 15. Nc5 b6
16. Bxa5 bxa5 17. Qe2 Bc8 18. Rfc1 g5 19. Nd2 g4 20. f4 gxf3 21. Nxf3 Kh8 22.
Kh1 Rg8 23. Rg1 Qf8 24. Rac1 Qh6 25. Rcf1 Rg4 26. a4 Rxd4 27. Nxd4 Bxc5 28. Nf3
Bd7 29. Re1 Bxg1 30. Kxg1 Rc8 31. Qf2 Rc7 32. Qb2 Qf4 33. Nd4 Kg8 34. g3 Qg5
35. Bxf5 Qe7 36. Bd3 Qc5 37. Kg2 Qc3 38. Qxc3 Rxc3 39. Bf5 Nd8 40. Bg4 Rc4 41.
Rd1 Rxa4 42. Be2 Nf7 43. Nf3 Ra2 44. Kf1 a4 45. Rc1 a3 46. Rc7 Rb2 47. Rxd7 a2
48. Rxa7 Rb1+ 49. Kf2 a1=Q 50. Rxa1 Rxa1 51. h4 h6 52. Ke3 Nd8 53. g4 Ra3+ 54.
Kf4 Ra4+ 55. Kg3 Rb4 56. g5 hxg5 57. Nxg5 d4 58. Kf2 Rb2 59. Kf3 Rb3+ 60. Kf4
d3 61. Bg4 d2 62. Ne4 Rd3 63. Bd1 Nb7 64. h5 Kg7 65. Kg5 Rd5 66. h6+ Kf7 67.
Kf4 Kg6 68. h7 Kg7 69. b6 Rd4 70. Ke3 Rd5 71. Kf4 Rd3 72. Ng5 Nd8 73. Ke4 Rg3
74. b7 Nxb7 75. Nxe6+ Kxh7 76. Bc2 Rc3 77. Bd1 Rc1 78. Ng5+ Kg6 79. Bf3 d1=Q
80. Bxd1 Rxd1 81. Ne6 Kf7 82. Nd4 Na5 83. Kf5 Rf1+ 84. Ke4 Nc4 85. Kd5 Ne3+ 86.
Ke4 Ng4 87. Kd5 Rd1 88. e6+ Ke7 89. Ke4 Nf2+ 90. Kd5 Rd2 91. Ke5 Nd3+ 92. Kd5
Nf4+ 93. Ke5 Nxe6 94. Nf5+ Kd7 0-1

[Event "Olympiade"]
[Site "Charlesbourg CAN"]
[Date "2010.11.15"]
[Round "6"]
[White "Glode, Martin"]
[Black "Dorion, Francois"]
[Result "1-0"]
[WhiteElo "1817"]
[BlackElo "1707"]
[PlyCount "57"]
[EventDate "2010.10.11"]
[EventType "team"]
[EventRounds "6"]
[EventCountry "CAN"]

1. e4 e6 2. d4 d5 3. Nd2 dxe4 4. Nxe4 Nd7 5. Nf3 Ngf6 6. Nxf6+ Nxf6 7. c3 h6 8.
Ne5 Be7 9. Bd3 O-O 10. O-O c5 11. Be3 cxd4 12. Bxd4 a6 13. Qe2 Bd7 14. Rad1 Qc7
15. Rfe1 Bc6 16. Nc4 b5 17. Be5 Qb7 18. Na5 Qb6 19. Nxc6 Qxc6 20. Bxf6 Bxf6 21.
Be4 Qc7 22. Bxa8 Rxa8 23. Qe4 Rb8 24. Re2 a5 25. Red2 b4 26. c4 g6 27. Rd7 Qc5
28. b3 Kg7 29. Qxe6 1-0

[Event "Olympiade"]
[Site "Charlesbourg CAN"]
[Date "2010.11.15"]
[Round "6"]
[White "Poliquin, Yvon"]
[Black "Beaudoin, Stephane"]
[Result "1-0"]
[WhiteElo "2033"]
[BlackElo "2050"]
[PlyCount "89"]
[EventDate "2010.10.11"]
[EventType "team"]
[EventRounds "6"]
[EventCountry "CAN"]

1. e4 c5 2. Nf3 g6 3. d4 cxd4 4. Qxd4 Nf6 5. e5 Nc6 6. Qa4 Nd5 7. Qe4 Nb6 8.
Bb5 Bg7 9. O-O O-O 10. Re1 a6 11. Bxc6 dxc6 12. Qh4 Nd5 13. a3 b5 14. Nbd2 f6
15. c4 Nc7 16. Ne4 Ne6 17. exf6 exf6 18. c5 Nd4 19. Nxd4 Qxd4 20. Be3 Qxb2 21.
Rad1 g5 22. Qh5 Bf5 23. Nd6 Bg6 24. Qf3 Qxa3 25. Qxc6 Qb3 26. Bd4 b4 27. Rb1
Qd3 28. Rbd1 Qb3 29. f4 gxf4 30. Rd2 a5 31. Re7 Qb1+ 32. Kf2 Qc1 33. Rde2 f3
34. Rxg7+ Kxg7 35. Re7+ Kg8 36. Qd5+ Bf7 37. Nxf7 Qd2+ 38. Kxf3 Qd3+ 39. Re3
Qd1+ 40. Kf2 Qd2+ 41. Kf1 Qd1+ 42. Re1 Qd3+ 43. Kg1 Qa6 44. Nd6+ Kh8 45. Qf5
1-0